Every Track IMSA Has Raced At - Statistics

General Stats
  • This quiz has been taken 229 times
  • The average score is 13 of 17
Answer Stats
Year(s) Active State Answer % Correct
2014-Present FL Daytona International Speedway Road Course
97%
2014, 2023-Present IN Indianapolis Grand Prix Circuit
91%
2014-Present FL Sebring International Raceway
87%
2014-Present CA Weathertech Raceway Laguna Seca
87%
2014-2017 TX Circuit of the Americas
85%
2014-Present WI Road America
85%
2014-Present GA Road Atlanta
85%
2014-2019, 2021-Present NY Watkins Glen International
85%
2014-2019, 2021-Present CA Long Beach Street Circuit
81%
2024 MI Detroit Street Circuit
78%
2014-Present VA Virginia International Raceway
78%
2018-2022 OH Mid-Ohio Sports Car Course
77%
2014-2019, 2022-Present CAN Canadian Tire Motorsport Park
71%
2014 KS Kansas Speedway
67%
2020 NC Charlotte Motor Speedway Road Course
63%
2015-2019, 2021-2023 CT Lime Rock Park
60%
2014-2019, 2021-2022 MI The Raceway at Belle Isle
54%
No matching quizzes found
Score Distribution
Percent of People with Each Score
Percentile by Number Answered
Your Score History
You have not taken this quiz